Top 10 des applications les plus téléchargées en France en 2025 - Statistiques

Statistiques générales
  • Ce quiz a été pris 68 fois
  • Le résultat moyen est 3 sur 10
Statistiques - réponses
Réponse % Correct
Instagram
100%
TikTok
73%
Whatsapp
59%
Google
38%
ChatGPT
17%
Google maps
11%
Temu
8%
Threads
5%
Google Chrome
2%
France identité
0%
Aucun quiz correspondant
Distribution des résultats
% des personnes avec chaque résultat
Percentile par nombre de réponses
Votre historique - résultats
Vous n’avez pas pris ce quiz